| 000 | 00617nam a2200169Ia 4500 | ||
|---|---|---|---|
| 008 | 090711s9999 xx 000 0 und d | ||
| 082 | _b19547 | ||
| 100 | _aकोलते वि. भि. | ||
| 245 | _aमहानुभावांSाा आSाारधर्म | ||
| 260 |
_b"अरुण प्रकाशन," _c1948 |
||
| 300 | _a374 | ||
| 600 | _aकोलते वि. भि. | ||
| 630 | _aमहानुभावांSाा आSाारधर्म | ||
| 700 | _aकोलते वि. भि. | ||
| 730 | _aमहानुभावांSाा आSाारधर्म | ||
| 942 | _cBOOK | ||
| 999 |
_c284925 _d284925 |
||